000
00237nam a22001217a 4500
040
_c
HS
082
_a
615
100
_a
NA
245
_a
Practical veterinary therapeutics
260
_a
Cambodia
_b
NA
_c
1994
300
_a
48p;
942
_c
EK
999
_c
9258
_d
9258